• 首页
  • 本馆介绍
  • 公告通知
  • 最新文献
  • 馆藏检索
  • 电子资源
  • 读者荐购
  • 参考咨询
  • CALIS
  • 我的图书馆
  • 登录
  • 详细信息显示
  • 放入我的书架
  • 预约/预借图书
  • 作者相关作品
  • 分类相关作品
  • 丛书相关作品
  • 出版社相关作品

书目信息

  • 表格格式
  • 工作单格式
  • 卡片格式
题名:
城市土地经济学
    
 
作者: 王霞 , 尤建新 编著
分册:  
出版信息: 上海   复旦大学出版社  2004.05
页数: 415页
开本: 21cm
丛书名: 房地产系列教材
单 册:
中图分类: F299.232-43
科图分类:
主题词: 城市--cheng shi--土地经济学--中国--教材
电子资源:
ISBN: 7-309-03985-8
 
 
 
 
 
000 01128nam 2200265 450
001 010241988547
005 20050922112757.88
010    @a7-309-03985-8@dCNY20.00
100    @a20050514d2004 km y0chiy0120 ea
101 0  @achi
102    @aCN@b310000
105    @aa a 000yy
200 1  @a城市土地经济学@Acheng shi tu di jing ji xue@f王霞, 尤建新编著@Fwang xia,you jian xin bian zhu
210    @a上海@c复旦大学出版社@d2004.05
215    @a415页@c图@d21cm
225 2  @a房地产系列教材@Afang di chan xi lie jiao cai
320    @a有书目 (第409-415页)。
330    @a本书系“房地产系列教材”之一种,全书共分十章,内容有城市土地经济学概论、城市土地法律制度、城市土地市场、城市土地供求关系、城市土地地租与土地价格、城市土地开发与风险、城市土地融资、城市土地收益与税收、城市土地经营、城市土地与GIS系统等,并附有与土地管理、房地产管理、土地使用权有关的法律法规。
410  0 @12001 @a房地产系列教材
606 0  @a城市@Acheng shi@x土地经济学@y中国@x教材
690    @aF299.232-43@v4
701  0 @a王霞@Awang xia@4编著
701  0 @a尤建新@Ayou jian xin@4编著
801  0 @aCN@bQSSK@c20050922
905    @a10447@dF299.232-43@eW400
    
    城市土地经济学/王霞, 尤建新编著.-上海:复旦大学出版社,2004.05
    415页:图;21cm.-(房地产系列教材)
    
    
    ISBN 7-309-03985-8:CNY20.00
    本书系“房地产系列教材”之一种,全书共分十章,内容有城市土地经济学概论、城市土地法律制度、城市土地市场、城市土地供求关系、城市土地地租与土地价格、城市土地开发与风险、城市土地融资、城市土地收益与税收、城市土地经营、城市土地与GIS系统等,并附有与土地管理、房地产管理、土地使用权有关的法律法规。
●
相关链接 在E读中查询图书 在当当中查询图书 在豆瓣中查询图书


正题名:城市土地经济学     索取号:F299.232-43/W400         预约/预借

序号 登录号 条形码 馆藏地/架位号 状态 备注
1 525174   205251742   社科二线422/409社科库 110排1列5层/ [索取号:F299.232-43/W400] 在馆    
2 525175   205251751   社科库409/409社科库 110排1列3层/ [索取号:F299.232-43/W400] 在馆    
3 525176   205251760   社科库409/409社科库 110排2列2层/ [索取号:F299.232-43/W400] 在馆    
河南城建学院图书馆 欢迎您!
大连网信软件有限公司© 版权所有